000 00489nam a2200181Ia 4500
001 3939
005 20260306145720.0
008 260306t2008||||xx |||||||||||||| ||spa||
041 _aESP
082 _a305.8
_bM97
100 _aMurcia Peña, Napoleón
_eAUT
245 0 _aInvestigación cualitativa:
_bla complementariedad: una guía para abordar estudios sociales
260 _c2008
300 _a236 páginas :
_c24 cm.
650 _aGEN
654 _aCHU
942 _cLIB
_dJUS
_fJUS
_2ddc
_n
999 _c3939
_d3939